ACCA Exame Kit Paper F5 Performance Management (PM). (Record no. 351112)

000 -LEADER
fixed length control field 00693nam a22002177a 4500
003 - CONTROL NUMBER IDENTIFIER
control field OSt
005 - DATE AND TIME OF LATEST TRANSACTION
control field 20180116183033.0
008 - FIXED-LENGTH DATA ELEMENTS--GENERAL INFORMATION
fixed length control field 160209b xxu||||| |||| 00| 0 eng d
020 ## - INTERNATIONAL STANDARD BOOK NUMBER
International Standard Book Number 9781784152277
040 ## - CATALOGING SOURCE
Transcribing agency 0
050 ## - LIBRARY OF CONGRESS CALL NUMBER
Classification number 657
082 ## - DEWEY DECIMAL CLASSIFICATION NUMBER
Classification number 657 ACC 2015
100 ## - MAIN ENTRY--PERSONAL NAME
Personal name Kaplan Publishing
110 ## - MAIN ENTRY--CORPORATE NAME
Corporate name or jurisdiction name as entry element Kaplan Publishing.
245 ## - TITLE STATEMENT
Title ACCA Exame Kit Paper F5 Performance Management (PM).
Statement of responsibility, etc. Kaplan Publishing.
Remainder of title Exame Kit - Valid For september 2015, December 2015, March 2016 and June 2016
260 ## - PUBLICATION, DISTRIBUTION, ETC.
Place of publication, distribution, etc. UK
Name of publisher, distributor, etc. Kaplan Publishing.
Date of publication, distribution, etc. 2015.
300 ## - PHYSICAL DESCRIPTION
Extent 358+21 p.
Other physical details PB
440 ## - SERIES STATEMENT/ADDED ENTRY--TITLE
Title ACCA Exame Kit Paper F5 Performance Management (PM).
500 ## - GENERAL NOTE
General note Paper Cover
942 ## - ADDED ENTRY ELEMENTS (KOHA)
Source of classification or shelving scheme
Koha item type Book
Call number prefix 657
Holdings
Withdrawn status Lost status Source of classification or shelving scheme Damaged status Not for loan Collection code Permanent Location Current Location Shelving location Date acquired Total Checkouts Full call number Barcode Date last seen Date last checked out Price effective from Koha item type
            Central Library (CL) Central Library (CL) General Stacks 02/09/2016 1 657 ACC 2015 NBS9945 05/23/2019 03/03/2019 02/09/2016 Book
© 2023 Central Library, National University of Sciences and Technology. All Rights Reserved.